Central Library OPAC University of Rajshahi

Strategies for endogenous development / (Record no. 57830)

MARC details
000 -LEADER
fixed length control field 00948nam a2200289 a 4500
001 - CONTROL NUMBER
control field 57830
003 - CONTROL NUMBER IDENTIFIER
rucl marc code BD-RjUL
005 - DATE AND TIME OF LATEST TRANSACTION
control field 20211209080545.0
008 - FIXED-LENGTH DATA ELEMENTS--GENERAL INFORMATION
fixed length control field 161212s1986 ii a b 000 0 eng
020 ## - INTERNATIONAL STANDARD BOOK NUMBER
International Standard Book Number 8120401867
International Standard Book Number 9231022091 (Unesco)
035 ## - SYSTEM CONTROL NUMBER
System control number (BD-RjUL) 57954
040 ## - CATALOGING SOURCE
Original cataloging agency DLC
Transcribing agency DLC
Modifying agency DLC
-- BD-RjUL
Language of cataloging eng
041 ## - LANGUAGE CODE
Language code of text/sound track or separate title eng
082 00 - DEWEY DECIMAL CLASSIFICATION NUMBER
Classification number 338.90091724
Edition number 23
Author mark and year STR 1986
245 00 - TITLE STATEMENT
Title Strategies for endogenous development /
Statement of responsibility, etc. Huynh Cao Tri ... [et al.].
260 ## - PUBLICATION, DISTRIBUTION, ETC. (IMPRINT)
Place of publication, distribution, etc. New Delhi :
Name of publisher, distributor, etc. Oxford & IBH Pub. Co.,
Date of publication, distribution, etc. c1986.
300 ## - PHYSICAL DESCRIPTION
Pagination 304 p. :
Illustrations ill. ;
Size 25 cm.
500 ## - GENERAL NOTE
General note Published jointly by Oxford & IBH Pub. Co. and Unesco.
504 ## - BIBLIOGRAPHY, ETC. NOTE
Bibliography, etc Includes bibliographies.
650 #0 - SUBJECT ADDED ENTRY--TOPICAL TERM
Topical term or geographic name as entry element Appropriate technology
Geographic subdivision Developing countries.
9 (RLIN) 171745
Topical term or geographic name as entry element Social policy
9 (RLIN) 170684
Topical term or geographic name as entry element Acculturation
9 (RLIN) 171746
651 #0 - SUBJECT ADDED ENTRY--GEOGRAPHIC NAME
Geographic name Developing countries
General subdivision Economic policy.
9 (RLIN) 171747
700 1# - ADDED ENTRY--PERSONAL NAME
Personal name Huynh, Cao Tri.
942 ## - ADDED ENTRY ELEMENTS (KOHA)
Source of classification or shelving scheme Dewey Decimal Classification
Koha item type Books
Holdings
Lost status Source of classification or shelving scheme Damaged status Not for loan Collection code Permanent Location Current Location Shelving location Date acquired Source of acquisition Total Checkouts Full call number Date last seen Copy number Koha item type
  Dewey Decimal Classification   Not For Loan Non-fiction Central Library, University of Rajshahi Central Library, University of Rajshahi Reading Room 11/11/2008 RUCL, Rajshahi   338.90091724 STR 1986 12/12/2016 C-1 Books